| 000 | 00324nam a2200121Ia 4500 | ||
|---|---|---|---|
| 008 | 230907s9999||||xx |||||||||||||| ||und|| | ||
| 082 |
_a620.11 _bPHI |
||
| 100 | _aBolton, W. | ||
| 245 | 0 | _aTechnology of engineering materials / | |
| 260 |
_aButterworth-Heinemann, _bOxford : _c2002 |
||
| 300 | _aviii, 471 p. : | ||
| 942 | _cBK | ||
| 999 |
_c597468 _d597468 |
||